[Event "Styrian op U14/18 26th"]
[Site "Mureck"]
[Date "2019.08.07"]
[Round "8"]
[White "Klopf, Michael"]
[Black "Jauschneg, Theo"]
[Result "0-1"]
[WhiteElo "1012"]
[BlackElo "1120"]
[PlyCount "32"]
[EventDate "2019.07.31"]
[EventType "swiss"]
[EventRounds "9"]
[EventCountry "AUT"]
[SourceTitle "EXT 2020"]
[Source "ChessBase"]
[SourceDate "2019.10.17"]
[SourceVersion "1"]
[SourceVersionDate "2019.10.17"]
[SourceQuality "1"]

1. e4 b6 2. Nf3 Bb7 3. Nc3 e6 4. Bc4 c5 5. d4 cxd4 6. Qxd4 Nc6 7. Qd1 Bc5 8. Bf4 Nge7 9. Nb5 0-0 10. Nd6 Na5 11. 0-0 Bxe4 12. Bd3 Bxd3 13. Qxd3 Qc7 14. Ng5 Ng6 15. Nge4 Nxf4 16. Qg3 Ne2+ 0-1

[Event "Styrian op U08/10 23nd"]
[Site "Mureck"]
[Date "2016.08.10"]
[Round "8.5"]
[White "Knafl, Martin"]
[Black "Klopf, Michael"]
[Result "1-0"]
[WhiteElo "837"]
[BlackElo "803"]
[PlyCount "85"]
[EventDate "2016.08.03"]
[EventType "swiss"]
[EventRounds "9"]
[EventCountry "AUT"]
[SourceTitle "EXT 2024"]
[Source "ChessBase"]
[SourceDate "2023.10.10"]
[SourceVersion "1"]
[SourceVersionDate "2023.10.10"]
[SourceQuality "1"]

1. e4 e5 2. Nf3 Nc6 3. Nc3 Nf6 4. Bb5 a6 5. Bxc6 dxc6 6. Nxe5 Bb4 7. 0-0 Bxc3 8. bxc3 Nxe4 9. d3 Nf6 10. Qe2 0-0 11. Nf3 Re8 12. Ne5 Nd5 13. Qf3 Rxe5 14. d4 Re8 15. c4 Nf6 16. c3 Ng4 17. h3 Nf6 18. Bb2 Re7 19. d5 cxd5 20. c5 b6 21. Rfe1 Rxe1+ 22. Rxe1 Bb7 23. c4 bxc5 24. Qe2 Qe8 25. Bxf6 Bc6 26. Qg4 Qxe1+ 27. Kh2 g6 28. Qh4 Kf8 29. Qh6+ Ke8 30. Qf4 dxc4 31. Qxc7 Bd5 32. Qd6 Qe6 33. Qf4 Ra7 34. Qb8+ Kd7 35. Qxa7+ Kd6 36. Bh4 Qe4 37. Bg3+ Ke6 38. f3 Qe2 39. Qxa6+ Ke7 40. Bh4+ Kf8 41. Bf6 Bxf3 42. Qd6+ Ke8 43. Qd8# 1-0

[Event "Styrian op U08/10 22nd"]
[Site "Mureck"]
[Date "2015.08.13"]
[Round "9"]
[White "Klopf, Michael"]
[Black "Pernerstorfer, Moritz"]
[Result "0-1"]
[WhiteElo "878"]
[BlackElo "1117"]
[PlyCount "79"]
[EventDate "2015.08.05"]
[EventType "swiss"]
[EventRounds "9"]
[EventCountry "AUT"]
[SourceTitle "EXT 2017"]
[Source "ChessBase"]
[SourceDate "2016.10.25"]
[SourceVersion "1"]
[SourceVersionDate "2016.10.25"]
[SourceQuality "1"]

1. e4 e5 2. Nf3 Nc6 3. Bc4 Bc5 4. d3 h6 5. Be3 Bb6 6. Nc3 d6 7. Qd2 Nf6 8. 0-0-0 Be6 9. d4 Bxc4 10. Kb1 exd4 11. Bxd4 Bxd4 12. Nxd4 Nxd4 13. Qxd4 Be6 14. Nd5 Bxd5 15. exd5 0-0 16. Rhe1 Qd7 17. Re2 Rfe8 18. Rde1 Rxe2 19. Rxe2 Re8 20. Qd2 Rxe2 21. Qxe2 Qf5 22. Qe7 Qxf2 23. a3 Qxg2 24. Qd8+ Kh7 25. Qxc7 Qxd5 26. c4 Qh1+ 27. Ka2 Qxh2 28. Qxb7 g5 29. Kb3 Kg7 30. Qxa7 g4 31. a4 g3 32. a5 g2 33. a6 g1Q 34. Qxg1+ Qxg1 35. Kb4 Qb6+ 36. Ka4 Qxa6+ 37. Kb3 d5 38. cxd5 Nxd5 39. Kc2 Qe2+ 40. Kb1 0-1

[Event "Styrian op U08/10 22nd"]
[Site "Mureck"]
[Date "2015.08.11"]
[Round "7"]
[White "Klopf, Michael"]
[Black "Krammer, Jan Elias"]
[Result "0-1"]
[WhiteElo "878"]
[BlackElo "1097"]
[PlyCount "64"]
[EventDate "2015.08.05"]
[EventType "swiss"]
[EventRounds "9"]
[EventCountry "AUT"]
[SourceTitle "EXT 2017"]
[Source "ChessBase"]
[SourceDate "2016.10.25"]
[SourceVersion "1"]
[SourceVersionDate "2016.10.25"]
[SourceQuality "1"]

1. e4 e5 2. Nf3 Nf6 3. Nc3 Nc6 4. Bb5 d6 5. d4 exd4 6. Nxd4 Bd7 7. Nxc6 Bxc6 8. Bxc6+ bxc6 9. Bg5 Be7 10. e5 dxe5 11. Qxd8+ Rxd8 12. Bxf6 Bxf6 13. 0-0 0-0 14. Rad1 Rxd1 15. Rxd1 Rd8 16. Re1 Rd2 17. Rc1 g5 18. Ne4 Rd8 19. Nxf6+ Kg7 20. Ne4 Rb8 21. Nc5 Rxb2 22. a4 Rb4 23. Ra1 Kf6 24. g4 Rxg4+ 25. Kf1 Rh4 26. Kg1 Rc4 27. Rc1 Rxc5 28. Kg2 Rc4 29. a5 Rc5 30. Kg3 Rxa5 31. Kg4 Ra4+ 32. Kh5 Rh4# 0-1